| 000 | 00785nam a2200205Ia 4500 | ||
|---|---|---|---|
| 003 | IN-BaIIA | ||
| 008 | 211028s9999 xx 000 0 eng d | ||
| 020 | _a3-540-08353-7 | ||
| 040 | _cIIA Library | ||
| 080 |
_a519.68 _bGRU |
||
| 100 |
_aGruska, J _910276 |
||
| 111 |
_aSymposium on Mathematical Foundations of Computer Science, 1977 _n6th _cTatranska Lomnica _d1977 Sept. 5-9 _910277 |
||
| 245 | 0 |
_aMathematical foundations of computer science, 1977 _bproceedings of 6th symposium held in Tatranska Lomnica, September 5-9, 1977 _cJ. Gruska |
|
| 260 |
_aBerlin _bSpringer-Verlag _c1977 |
||
| 300 | _ax, 595p. | ||
| 650 | _aComputer programming | ||
| 650 |
_aMathematical programming _910278 |
||
| 650 | _aNASA thesaurus | ||
| 942 | _cBK | ||
| 999 |
_c5929 _d5929 |
||